|
|
|
|
| LEADER |
00000nab a2200000 4500 |
| 001 |
vtls012138568 |
| 003 |
SK-MaSNL |
| 005 |
20260304011701.0 |
| 008 |
220617 2021 xo 000 0 slo |
| 015 |
|
|
|a SNBRA2021/01
|2 lmaosk
|
| 040 |
|
|
|a LMAOSK
|b slo
|e rda
|
| 041 |
0 |
|
|a slo
|
| 043 |
|
|
|a e-xo---
|
| 044 |
|
|
|a xo
|c SK
|
| 072 |
|
7 |
|a 343
|x Trestné právo
|2 konspekt
|
| 072 |
|
7 |
|a 614.8
|x Úrazy a ich prevencia
|2 konspekt
|
| 080 |
|
|
|a (046)
|2 2011
|
| 080 |
|
|
|a 343.434
|2 2011
|
| 080 |
|
|
|a 614.8
|2 2011
|
| 100 |
1 |
|
|a Pieczywok, Andrzej
|4 aut
|9 1290704
|
| 245 |
1 |
0 |
|a Alternatívne spôsoby formovania bezpečnosti človeka =
|b Alternative ways for forming human security
|c Andrzej Pieczywok, Ivan Majchút
|
| 246 |
3 |
1 |
|a Alternative ways for forming human security
|
| 336 |
|
|
|a text
|b txt
|2 rdacontent
|
| 337 |
|
|
|a bez média
|b n
|2 rdamedia
|
| 338 |
|
|
|a zväzok
|b nc
|2 rdacarrier
|
| 504 |
|
|
|a Bibliografické odkazy
|
| 546 |
|
|
|a Súbežný názov v angličtine
|
| 650 |
0 |
7 |
|a vzdelanie
|2 SNKPH
|9 21570
|
| 650 |
0 |
7 |
|a vyučovacie metódy
|2 SNKPH
|9 1521
|
| 650 |
0 |
7 |
|a stratégie
|2 SNKPH
|9 49778
|
| 650 |
0 |
7 |
|a programy
|2 SNKPH
|9 3873
|
| 650 |
0 |
7 |
|a alternatívne metódy
|2 LMAOSK
|9 324044
|
| 650 |
0 |
7 |
|a vyhrážky
|2 LMAOSK
|9 1110668
|
| 650 |
0 |
7 |
|a hrozby
|2 LMAOSK
|9 1023814
|
| 655 |
|
7 |
|a články
|2 SNKPH
|9 70601
|
| 700 |
1 |
|
|a Majchút, Ivan,
|d 1967-
|4 aut
|9 159084
|
| 773 |
0 |
|
|t Vojenské reflexie
|g Roč. XVI, č.1 (2021), s. 6-22
|x 1336-9202 (online)
|
| 852 |
|
|
|a LMAOSK
|b KIS3GCP
|
| 856 |
4 |
2 |
|u http://vr.aos.sk/images/dokumenty/archiv_cisel/2021/vr_2021_1_1_Pieczywok_Majchut.pdf
|
| 856 |
7 |
2 |
|2 https://doi.org/10.52651/vr.a.2021.1.6-22
|
| 958 |
|
|
|a NB
|
| 999 |
|
|
|c 2567513
|d 2569443
|